[Event "Quebec-ch U14"]
[Site "Montreal CAN"]
[Date "2014.01.18"]
[Round "3"]
[White "St-Cyr, Xavier"]
[Black "Tinica, Sabina"]
[Result "1-0"]
[WhiteElo "1557"]
[BlackElo "1288"]
[PlyCount "65"]
[EventDate "2014.01.17"]
[EventType "swiss"]
[EventRounds "5"]
[EventCountry "CAN"]

1. e4 c5 2. Nf3 d6 3. d4 cxd4 4. Nxd4 Nf6 5. Nc3 g6 6. Be3 Bg7 7. Qd2 Nc6 8. f3
d5 9. Bb5 O-O 10. Nxc6 bxc6 11. Bxc6 Rb8 12. O-O-O Ba6 13. Bxa7 Rc8 14. exd5
Qa5 15. Bf2 Rfd8 16. Ba4 Bc4 17. Kb1 Bxd5 18. Nxd5 Rxd5 19. Qxa5 Rxa5 20. Bb3
Nh5 21. Rhe1 e6 22. Re3 Nf4 23. Bg3 Nd5 24. Bxd5 exd5 25. Be5 Rd8 26. Bxg7 Kxg7
27. Red3 Kf6 28. c4 Ke6 29. cxd5+ Raxd5 30. Rxd5 Rxd5 31. Rxd5 Kxd5 32. Kc2 g5
33. Kc3 1-0

[Event "Quebec-ch U14"]
[Site "Montreal CAN"]
[Date "2014.01.18"]
[Round "3"]
[White "Wu, Zhaoran"]
[Black "Fan, Lawrence"]
[Result "0-1"]
[WhiteElo "1122"]
[BlackElo "1419"]
[PlyCount "92"]
[EventDate "2014.01.17"]
[EventType "swiss"]
[EventRounds "5"]
[EventCountry "CAN"]

1. e4 c5 2. Nf3 d6 3. d4 cxd4 4. Nxd4 Nf6 5. Nc3 a6 6. Be3 e5 7. Nf3 Be7 8. Be2
O-O 9. Qd2 Be6 10. h3 Nbd7 11. Nh2 b5 12. f4 exf4 13. Bxf4 Nc5 14. Bf3 Rc8 15.
O-O-O Bxa2 16. Nxa2 Nb3+ 17. Kb1 Nxd2+ 18. Rxd2 Qb6 19. g4 Nd7 20. g5 Ne5 21.
Bg4 Nxg4 22. hxg4 f6 23. g6 h6 24. Nf3 Qc6 25. Nc3 Qe8 26. Nd5 Rd8 27. Bxh6 Rd7
28. Nf4 gxh6 29. Rxh6 f5 30. Rdh2 Bf6 31. Nh5 Qd8 32. Nxf6+ Qxf6 33. g5 Qg7 34.
Nh4 fxe4 35. Ng2 Rf5 36. Rh7 Qxh7 37. gxh7+ Rxh7 38. Rxh7 Kxh7 39. Nf4 Rxg5 40.
Ne6 Rg1+ 41. Ka2 e3 42. Nf4 Rf1 43. Ne2 Rf2 44. Nd4 Kg6 45. Kb3 Rd2 46. Kc3
Rxd4 0-1

[Event "Quebec-ch U14"]
[Site "Montreal CAN"]
[Date "2014.01.18"]
[Round "3"]
[White "Yang, Eddie"]
[Black "Li, Yi Lin"]
[Result "1-0"]
[WhiteElo "1510"]
[BlackElo "1402"]
[PlyCount "108"]
[EventDate "2014.01.17"]
[EventType "swiss"]
[EventRounds "5"]
[EventCountry "CAN"]

1. d4 d5 2. c4 c6 3. Nf3 Nf6 4. Bg5 e6 5. e3 Nbd7 6. Nc3 Qa5 7. Bd3 dxc4 8.
Bxc4 Ne4 9. Bf4 Nxc3 10. bxc3 Nb6 11. Qb3 Nd5 12. Bxd5 exd5 13. O-O Be7 14. c4
dxc4 15. Qxc4 Be6 16. Qc2 Qd8 17. Rab1 Qc8 18. Ne5 Bf6 19. Nc4 Bxc4 20. Qxc4
O-O 21. e4 g6 22. Bd6 Re8 23. e5 Be7 24. Bxe7 Rxe7 25. f4 Qe6 26. Qxe6 fxe6 27.
Kf2 Rd8 28. Ke3 Rd5 29. Rb3 Kf8 30. Rfb1 Rdd7 31. g4 Kf7 32. Ke4 a6 33. f5
gxf5+ 34. gxf5 exf5+ 35. Kxf5 Rxd4 36. Rxb7 Rd5 37. Rxe7+ Kxe7 38. Rb7+ Rd7 39.
Rxd7+ Kxd7 40. Kf6 Ke8 41. Ke6 c5 42. Kd5 Ke7 43. Kxc5 Ke6 44. Kb6 a5 45. Kxa5
Kxe5 46. Kb6 Kf4 47. a4 Kf3 48. a5 Kg2 49. a6 Kxh2 50. a7 h5 51. a8=Q Kg1 52.
Qh8 Kg2 53. Qxh5 Kg1 54. Qe2 Kh1 1-0

[Event "Quebec-ch U14"]
[Site "Montreal CAN"]
[Date "2014.01.18"]
[Round "3"]
[White "Yu, Cindy"]
[Black "Saine, Zachary"]
[Result "0-1"]
[WhiteElo "1317"]
[BlackElo "1592"]
[PlyCount "40"]
[EventDate "2014.01.17"]
[EventType "swiss"]
[EventRounds "5"]
[EventCountry "CAN"]

1. e4 e5 2. Nf3 Nc6 3. Bc4 Bc5 4. c3 Nf6 5. d3 h6 6. Bb3 d5 7. Qe2 O-O 8. h3
Re8 9. Nbd2 b6 10. Nf1 Ba6 11. c4 dxe4 12. dxe4 Nd4 13. Nxd4 exd4 14. f3 d3 15.
Qd1 Nxe4 16. Be3 Bb4+ 17. Nd2 Bxd2+ 18. Kf1 Ng3+ 19. Kf2 Bxe3+ 20. Kxg3 Qd6+
0-1

[Event "Quebec-ch U14"]
[Site "Montreal CAN"]
[Date "2014.01.19"]
[Round "4"]
[White "Fan, Lawrence"]
[Black "Saha, Ananda"]
[Result "0-1"]
[WhiteElo "1419"]
[BlackElo "1765"]
[PlyCount "62"]
[EventDate "2014.01.17"]
[EventType "swiss"]
[EventRounds "5"]
[EventCountry "CAN"]

1. d4 d5 2. c4 e6 3. Nc3 Nf6 4. Nf3 Be7 5. e3 O-O 6. Bd3 dxc4 7. Bxc4 b6 8. O-O
Bb7 9. Bd2 c5 10. Be2 Nc6 11. dxc5 Bxc5 12. a3 a6 13. Rc1 Ne7 14. Qc2 Ned5 15.
Rfd1 Bd6 16. Nxd5 Bxd5 17. Bc3 b5 18. Nd2 Rc8 19. e4 Bb7 20. Qb1 Bf4 21. Bb4
Rxc1 22. Qxc1 Nxe4 23. Qc2 Qh4 24. g3 Nxg3 25. Nf3 Nxe2+ 26. Qxe2 Qg4+ 27. Kf1
Bxf3 28. Qd3 Qg2+ 29. Ke1 Qg1+ 30. Qf1 Qxf1+ 31. Kxf1 Bxd1 0-1

[Event "Quebec-ch U14"]
[Site "Montreal CAN"]
[Date "2014.01.19"]
[Round "4"]
[White "Fan, Run Kun"]
[Black "Yang, Eddie"]
[Result "1/2-1/2"]
[WhiteElo "1659"]
[BlackElo "1510"]
[PlyCount "76"]
[EventDate "2014.01.17"]
[EventType "swiss"]
[EventRounds "5"]
[EventCountry "CAN"]

1. Nf3 c5 2. g3 d5 3. Bg2 Nc6 4. d4 cxd4 5. Nxd4 e5 6. Nxc6 bxc6 7. c4 Be6 8.
O-O Bc5 9. Nc3 Ne7 10. Qc2 Qc7 11. Rd1 O-O 12. cxd5 cxd5 13. e3 Rfd8 14. Na4
Rac8 15. b3 Qd6 16. Nxc5 Rxc5 17. Qe2 Qc7 18. Ba3 Rc2 19. Rdc1 Rxc1+ 20. Rxc1
Qd7 21. Rc5 Ng6 22. Qc2 Qb7 23. Rc7 Qa6 24. Bc5 Ra8 25. Qd2 e4 26. Bf1 Ne5 27.
Bxa6 Nf3+ 28. Kf1 Nxd2+ 29. Ke2 Nf3 30. Rxa7 Rxa7 31. Bxa7 Nxh2 32. b4 Bh3 33.
Bb7 Bf1+ 34. Ke1 Bc4 35. Bc6 Nf3+ 36. Kd1 Ne5 37. b5 Nxc6 38. bxc6 Kf8 1/2-1/2

[Event "Quebec-ch U14"]
[Site "Montreal CAN"]
[Date "2014.01.19"]
[Round "4"]
[White "Li, Yi Lin"]
[Black "Yu, Cindy"]
[Result "1-0"]
[WhiteElo "1402"]
[BlackElo "1317"]
[PlyCount "63"]
[EventDate "2014.01.17"]
[EventType "swiss"]
[EventRounds "5"]
[EventCountry "CAN"]

1. e4 e5 2. Nf3 Nc6 3. Bb5 a6 4. Ba4 Nf6 5. d3 b5 6. Bb3 d6 7. Bg5 Be7 8. Nbd2
Na5 9. Nf1 Nxb3 10. axb3 O-O 11. Ne3 Nd7 12. Bxe7 Qxe7 13. Qd2 Nb6 14. O-O Qf6
15. b4 Qg6 16. b3 Qh5 17. Qc3 Ra7 18. d4 Bg4 19. Nxg4 Qxg4 20. dxe5 Qxe4 21.
exd6 cxd6 22. Rfe1 Qf4 23. Qc6 Nc8 24. Re4 Qf5 25. Nd4 Qg6 26. f3 Qg5 27. h4
Qd2 28. Nf5 g6 29. Rd4 Qe2 30. Nh6+ Kg7 31. Ng4 h5 32. Qc3 1-0

[Event "Quebec-ch U14"]
[Site "Montreal CAN"]
[Date "2014.01.19"]
[Round "4"]
[White "Nazarov, Stephanie"]
[Black "Hua, Justin"]
[Result "1/2-1/2"]
[WhiteElo "933"]
[BlackElo "1179"]
[PlyCount "76"]
[EventDate "2014.01.17"]
[EventType "swiss"]
[EventRounds "5"]
[EventCountry "CAN"]

1. e4 e5 2. Nf3 Nc6 3. Nc3 Nf6 4. d4 exd4 5. Nxd4 d6 6. Bb5 Bd7 7. O-O Be7 8.
Re1 O-O 9. Be3 Ng4 10. Nxc6 bxc6 11. Bd3 Nxe3 12. Rxe3 Bg5 13. Re1 Re8 14. Be2
Be6 15. Bg4 Qd7 16. Bxe6 Qxe6 17. Qf3 d5 18. Rad1 Rad8 19. Qf5 Qxf5 20. exf5
Bd2 21. Rxe8+ Rxe8 22. Kf1 Bxc3 23. bxc3 Re4 24. Re1 Rxe1+ 25. Kxe1 Kf8 26. Ke2
Ke7 27. Ke3 c5 28. Kf4 f6 29. g4 Kd6 30. Ke3 g6 31. fxg6 hxg6 32. f4 Ke6 33. h4
f5 34. g5 c6 35. Kd3 a5 36. a4 Kf7 37. c4 d4 38. c3 dxc3 1/2-1/2

[Event "Quebec-ch U14"]
[Site "Montreal CAN"]
[Date "2014.01.19"]
[Round "4"]
[White "Saine, Zachary"]
[Black "Johnson-Constantin, Matthieu"]
[Result "1/2-1/2"]
[WhiteElo "1592"]
[BlackElo "1536"]
[PlyCount "62"]
[EventDate "2014.01.17"]
[EventType "swiss"]
[EventRounds "5"]
[EventCountry "CAN"]

1. e4 e6 2. d4 d5 3. e5 c5 4. c3 Nc6 5. Nf3 Qb6 6. a3 c4 7. g3 f6 8. Nh4 Nce7
9. f4 Bd7 10. Nd2 O-O-O 11. b3 cxb3 12. Nxb3 Bb5 13. Bxb5 Qxb5 14. Nc5 Qc6 15.
Bd2 b6 16. Nd3 Nf5 17. Nxf5 exf5 18. Qb3 Re8 19. O-O-O Qc4 20. Qxc4+ dxc4 21.
Nb4 a5 22. Nc2 Nh6 23. Rhe1 fxe5 24. fxe5 Ng4 25. Re2 g6 26. Bf4 Nf6 27. d5 Ne4
28. Kb2 Bg7 29. Rxe4 fxe4 30. e6 Bf6 31. Nd4 g5 1/2-1/2

[Event "Quebec-ch U14"]
[Site "Montreal CAN"]
[Date "2014.01.19"]
[Round "4"]
[White "Tinica, Sabina"]
[Black "Wu, Zhaoran"]
[Result "0-1"]
[WhiteElo "1288"]
[BlackElo "1122"]
[PlyCount "52"]
[EventDate "2014.01.17"]
[EventType "swiss"]
[EventRounds "5"]
[EventCountry "CAN"]

1. d4 d5 2. c4 e6 3. Nf3 Nf6 4. Bg5 Nbd7 5. e3 h6 6. Bh4 b6 7. Nc3 Bb7 8. cxd5
exd5 9. Rc1 c6 10. Be2 Be7 11. O-O Qc7 12. a3 g5 13. Bg3 Bd6 14. Bxd6 Qxd6 15.
Nd2 h5 16. e4 dxe4 17. Ndxe4 Nxe4 18. Nxe4 Qf4 19. Bxh5 Kd8 20. Re1 Qh4 21. Ng3
Nf6 22. Bxf7 Qxh2+ 23. Kf1 Ba6+ 24. Bc4 Nd5 25. Bxa6 Nf4 26. Qf3 Qh1+ 0-1

[Event "Quebec-ch U14"]
[Site "Montreal CAN"]
[Date "2014.01.19"]
[Round "4"]
[White "Wang, Kelly"]
[Black "St-Cyr, Xavier"]
[Result "1-0"]
[WhiteElo "1700"]
[BlackElo "1557"]
[PlyCount "57"]
[EventDate "2014.01.17"]
[EventType "swiss"]
[EventRounds "5"]
[EventCountry "CAN"]

1. e4 e5 2. Nf3 Nc6 3. Bc4 Bc5 4. Nc3 d6 5. h3 Nf6 6. d3 h6 7. Be3 Bb6 8. Bb3
O-O 9. d4 exd4 10. Nxd4 Nxd4 11. Bxd4 Re8 12. Qd3 Bf5 13. Bxf6 Qxf6 14. O-O-O
Qg5+ 15. Kb1 Bg6 16. Qf3 Re5 17. h4 Qe7 18. h5 Bxe4 19. Nxe4 Rxe4 20. Bxf7+ Kh8
21. Bd5 Re5 22. Bxb7 Rf8 23. Qc3 Rxf2 24. Bf3 Qd7 25. Qxe5 Qa4 26. Qc3 Ba5 27.
Qc6 Qxc6 28. Bxc6 Rf5 29. Rd5 1-0

[Event "Quebec-ch U14"]
[Site "Montreal CAN"]
[Date "2014.01.19"]
[Round "5"]
[White "Johnson-Constantin, Matthieu"]
[Black "Li, Yi Lin"]
[Result "0-1"]
[WhiteElo "1536"]
[BlackElo "1402"]
[PlyCount "116"]
[EventDate "2014.01.17"]
[EventType "swiss"]
[EventRounds "5"]
[EventCountry "CAN"]

1. e4 c5 2. Nf3 d6 3. d4 cxd4 4. Nxd4 Nf6 5. Nc3 a6 6. Be3 e5 7. Nb3 Be6 8. f3
d5 9. exd5 Nxd5 10. Nxd5 Qxd5 11. Qxd5 Bxd5 12. O-O-O Be6 13. Nc5 Bxc5 14. Bxc5
Nc6 15. Bd3 Rc8 16. a3 Ne7 17. Bd6 f6 18. Be4 Bf5 19. Rhe1 Kf7 20. Re2 Bxe4 21.
Rxe4 Ng6 22. g3 Rc6 23. Bb4 Ke6 24. Re3 Rhc8 25. Rd2 b6 26. Red3 a5 27. Rd6+
Kf7 28. Rd7+ Kg8 29. Bc3 Nf8 30. Rd8 Rxd8 31. Rxd8 Kf7 32. Kd2 Ne6 33. Rd7+ Kg6
34. b4 Ng5 35. bxa5 Nxf3+ 36. Kd1 bxa5 37. Bxa5 Nd4 38. Rc7 Rxc7 39. Bxc7 Nb5
40. Bb6 Nxa3 41. Bc5 Nb5 42. Ke2 Kf7 43. c4 Nc7 44. Ke3 Ke6 45. Bf8 g6 46. h3
Ne8 47. g4 Nd6 48. c5 Nc8 49. Ke4 f5+ 50. Ke3 Kd5 51. gxf5 gxf5 52. h4 h5 53.
Bg7 Na7 54. Bf8 Nc6 55. Bd6 Nd4 56. Kd3 Ne6 57. Be7 Nxc5+ 58. Ke3 Ne6 0-1

[Event "Quebec-ch U14"]
[Site "Montreal CAN"]
[Date "2014.01.19"]
[Round "5"]
[White "Saha, Ananda"]
[Black "Fan, Run Kun"]
[Result "0-1"]
[WhiteElo "1765"]
[BlackElo "1659"]
[PlyCount "122"]
[EventDate "2014.01.17"]
[EventType "swiss"]
[EventRounds "5"]
[EventCountry "CAN"]

1. d4 d5 2. c4 c6 3. Nf3 e6 4. e3 Nf6 5. Nc3 Nbd7 6. Bd3 dxc4 7. Bxc4 b5 8. Bd3
a6 9. e4 c5 10. O-O cxd4 11. Nxd4 Bc5 12. Be3 O-O 13. b4 Bxb4 14. Ncxb5 Ne5 15.
Rb1 Qe7 16. Nc7 Qxc7 17. Rxb4 a5 18. Rb2 Nxd3 19. Qxd3 Ba6 20. Nb5 Qe5 21. Rfb1
Bxb5 22. Rxb5 Qxe4 23. Qc3 Nd5 24. Qd4 Qxd4 25. Bxd4 Rfc8 26. g3 h6 27. R1b2
Rc4 28. Be5 f6 29. Bd6 Rc6 30. Ba3 Kh7 31. f4 Kg6 32. Kf2 Nc3 33. Rb6 Rxb6 34.
Rxb6 Nxa2 35. Rxe6 Nc3 36. Rc6 Nb5 37. Bb2 a4 38. Rb6 Nc7 39. Ba3 Nd5 40. Rd6
Nc3 41. Rd3 Nb5 42. Ke3 Nxa3 43. Rxa3 Kf5 44. h3 h5 45. Kf3 Ke6 46. Ke4 Ra7 47.
g4 hxg4 48. hxg4 Kd6 49. Kd4 Kc6 50. Kc4 Ra8 51. g5 f5 52. Kd4 Kb5 53. Ke5 g6
54. Kf6 Ra6+ 55. Kg7 Kc4 56. Rxa4+ Rxa4 57. Kxg6 Ra5 58. Kf6 Kd4 59. g6 Ke4 60.
Kg5 Ra8 61. g7 Rg8 0-1

[Event "Quebec-ch U14"]
[Site "Montreal CAN"]
[Date "2014.01.19"]
[Round "5"]
[White "St-Cyr, Xavier"]
[Black "Fan, Lawrence"]
[Result "1-0"]
[WhiteElo "1557"]
[BlackElo "1419"]
[PlyCount "73"]
[EventDate "2014.01.17"]
[EventType "swiss"]
[EventRounds "5"]
[EventCountry "CAN"]

1. e4 c5 2. Nf3 d6 3. d4 cxd4 4. Nxd4 Nf6 5. Nc3 a6 6. Be3 e5 7. Nb3 Be6 8. Be2
Be7 9. O-O O-O 10. f4 Nc6 11. f5 Bxb3 12. axb3 Rc8 13. Bf2 Nb4 14. Bf3 Qd7 15.
Qd2 Rfd8 16. Rad1 d5 17. Nxd5 Nfxd5 18. exd5 Rxc2 19. Qe3 Bd6 20. f6 gxf6 21.
Be4 Rcc8 22. Qh6 f5 23. Qg5+ Kf8 24. Bxf5 Qe7 25. Qh6+ Ke8 26. Bh4 Qf8 27.
Qxf8+ Kxf8 28. Bxd8 Rxd8 29. Be6 Bc5+ 30. Kh1 Ke8 31. Rxf7 b6 32. Rxh7 Bf8 33.
Re1 Nxd5 34. Bf7+ Ke7 35. Bxd5+ Kd6 36. Rh5 Kxd5 37. Rd1+ 1-0

[Event "Quebec-ch U14"]
[Site "Montreal CAN"]
[Date "2014.01.19"]
[Round "5"]
[White "Wu, Zhaoran"]
[Black "Saine, Zachary"]
[Result "0-1"]
[WhiteElo "1122"]
[BlackElo "1592"]
[PlyCount "50"]
[EventDate "2014.01.17"]
[EventType "swiss"]
[EventRounds "5"]
[EventCountry "CAN"]

1. e4 e5 2. Nf3 Nc6 3. d4 exd4 4. Bc4 Bc5 5. c3 dxc3 6. Bxf7+ Kxf7 7. Qd5+ Ke8
8. Qxc5 cxb2 9. Bxb2 Qe7 10. Qxe7+ Ngxe7 11. Nc3 Rf8 12. O-O Kf7 13. Nb5 Kg8
14. Nxc7 Rb8 15. Rfe1 Nb4 16. Re2 Nec6 17. Nd5 Re8 18. Nc7 Rf8 19. Ba3 Rxf3 20.
gxf3 Nd4 21. Bxb4 Nxe2+ 22. Kf1 Nd4 23. Bd6 Nxf3 24. Nb5 Ra8 25. Nc7 Rb8 0-1

[Event "Quebec-ch U14"]
[Site "Montreal CAN"]
[Date "2014.01.19"]
[Round "5"]
[White "Yang, Eddie"]
[Black "Wang, Kelly"]
[Result "1-0"]
[WhiteElo "1510"]
[BlackElo "1700"]
[PlyCount "117"]
[EventDate "2014.01.17"]
[EventType "swiss"]
[EventRounds "5"]
[EventCountry "CAN"]

1. d4 d5 2. c4 e6 3. Nc3 Nf6 4. Bg5 Be7 5. e3 Nbd7 6. Nf3 a6 7. cxd5 exd5 8.
Bd3 O-O 9. O-O Re8 10. Qc2 Nf8 11. h3 c6 12. Rab1 a5 13. a3 Be6 14. Na4 N6d7
15. Bxe7 Qxe7 16. Nc5 Nxc5 17. Qxc5 Qxc5 18. dxc5 a4 19. Rfc1 f6 20. Nd4 Bf7
21. Rc3 Bg6 22. Bxg6 Nxg6 23. Nf5 Ne5 24. Nd6 Reb8 25. b4 g6 26. f4 Nf7 27.
Nxf7 Kxf7 28. Kf2 f5 29. g4 Re8 30. Rd1 Rad8 31. Rd4 Re4 32. Rcd3 h6 33. Rxe4
fxe4 34. Rd4 Rb8 35. Rd1 Ke6 36. Ke2 b6 37. Rc1 g5 38. f5+ Ke5 39. cxb6 Rxb6
40. Rc5 h5 41. Kd2 hxg4 42. hxg4 Kd6 43. Rc1 Rb5 44. Ke2 Kd7 45. Kd2 Kd6 46.
Rf1 c5 47. f6 Rb8 48. f7 Rf8 49. bxc5+ Kxc5 50. Kc3 Kd6 51. Kd4 Ke6 52. Rf5 Rc8
53. f8=N+ Ke7 54. Ng6+ Ke6 55. Rxd5 Kf6 56. Rd6+ Kf7 57. Ne5+ Ke7 58. Kd5 Rb8
59. Re6+ 1-0

[Event "Quebec-ch U14"]
[Site "Montreal CAN"]
[Date "2014.01.19"]
[Round "5"]
[White "Yu, Cindy"]
[Black "Nazarov, Stephanie"]
[Result "1/2-1/2"]
[WhiteElo "1317"]
[BlackElo "933"]
[PlyCount "126"]
[EventDate "2014.01.17"]
[EventType "swiss"]
[EventRounds "5"]
[EventCountry "CAN"]

1. e4 c6 2. d4 d5 3. exd5 cxd5 4. Bd3 Nc6 5. Nf3 Bg4 6. c3 Nf6 7. Nbd2 e6 8.
O-O Bd6 9. h3 Bh5 10. Qb3 Qc7 11. Re1 O-O 12. Qc2 h6 13. b3 Rfe8 14. c4 Nb4 15.
Qc3 Nxd3 16. Qxd3 dxc4 17. bxc4 Rad8 18. Bb2 Qb6 19. Rab1 Qa6 20. Ra1 Nd5 21.
Qb3 Nf4 22. Qc3 Rc8 23. d5 f6 24. dxe6 Nxe6 25. Nh4 b5 26. Nf5 Be5 27. Rxe5
fxe5 28. Qxe5 Qb7 29. Nd6 Qc7 30. Nxe8 Qxe5 31. Bxe5 Bxe8 32. cxb5 Bxb5 33. Rb1
a6 34. Nf3 Rd8 35. Rc1 Kf7 36. g4 g5 37. Kg2 Kg6 38. Kg3 Kf7 39. h4 Kg6 40.
hxg5 hxg5 41. Rc2 Kh6 42. Rd2 Re8 43. Rd6 Bc4 44. a3 Kg6 45. Rc6 Bb5 46. Rb6
Bc4 47. Nd4 Kf7 48. Nxe6 Rxe6 49. Rxe6 Kxe6 50. Bc3 Kf7 51. f4 Kg6 52. Kf3 gxf4
53. Kxf4 Kh7 54. Kg5 Kg8 55. Kf6 Kf8 56. g5 Kg8 57. g6 Kh8 58. Ke7+ Kg8 59. g7
Kh7 60. a4 Kg8 61. Kd6 Kf7 62. Kc5 Bd3 63. Kb6 Bc4 1/2-1/2

[Event "Quebec-ch U16"]
[Site "Montreal CAN"]
[Date "2014.01.17"]
[Round "1"]
[White "Harris, Gabriel"]
[Black "Zhu, Hong Rui"]
[Result "0-1"]
[WhiteElo "1128"]
[BlackElo "2135"]
[PlyCount "114"]
[EventDate "2014.01.17"]
[EventType "tourn"]
[EventRounds "4"]
[EventCountry "CAN"]

1. Nf3 c5 2. g3 Nc6 3. Bg2 g6 4. O-O Bg7 5. d3 Nf6 6. Nbd2 O-O 7. e4 e6 8. Nc4
d5 9. exd5 exd5 10. Ne3 Re8 11. b3 Ng4 12. Rb1 Nxe3 13. fxe3 Qd6 14. Ng5 Be6
15. Bb2 Bxb2 16. Rxb2 Qe5 17. Nxe6 Qxe3+ 18. Rf2 Qxe6 19. c4 Qe1+ 20. Qxe1
Rxe1+ 21. Rf1 Rxf1+ 22. Kxf1 Nb4 23. Rd2 dxc4 24. dxc4 Rb8 25. a3 Nc6 26. Bxc6
bxc6 27. Rd3 Kf8 28. Re3 a5 29. Ke2 Re8 30. Rxe8+ Kxe8 31. Kd3 Kd7 32. Kc3 Kd6
33. b4 cxb4+ 34. axb4 axb4+ 35. Kxb4 f5 36. h4 h6 37. Kc3 Kc5 38. Kd3 g5 39. h5
Kd6 40. Kd4 c5+ 41. Kd3 Ke5 42. Ke3 g4 43. Kd3 f4 44. gxf4+ Kxf4 45. Ke2 Kg5
46. Kf2 Kxh5 47. Kg3 Kg5 48. Kh2 Kf4 49. Kg2 h5 50. Kf2 h4 51. Kg2 h3+ 52. Kh2
Kf3 53. Kg1 g3 54. Kh1 g2+ 55. Kg1 h2+ 56. Kxh2 Kf2 57. Kh3 g1=Q 0-1

[Event "Quebec-ch U16"]
[Site "Montreal CAN"]
[Date "2014.01.17"]
[Round "1"]
[White "Yu, Zong Yang"]
[Black "Luo, Wei Han"]
[Result "1-0"]
[WhiteElo "2204"]
[BlackElo "1241"]
[PlyCount "99"]
[EventDate "2014.01.17"]
[EventType "tourn"]
[EventRounds "4"]
[EventCountry "CAN"]

1. d4 Nf6 2. c4 e6 3. Nf3 Bb4+ 4. Nbd2 d5 5. Qa4+ Nc6 6. Ne5 Bxd2+ 7. Bxd2 Bd7
8. Nxd7 Qxd7 9. e3 Ne7 10. Qc2 O-O 11. Bd3 dxc4 12. Qxc4 Qd5 13. Qxd5 exd5 14.
Rc1 c6 15. f3 Ng6 16. g4 Nh4 17. Ke2 g5 18. Be1 Ng6 19. h4 h6 20. hxg5 hxg5 21.
Bxg6 fxg6 22. Bg3 Nd7 23. Bd6 Rfe8 24. Rh6 Re6 25. Rch1 Ree8 26. Rxg6+ Kf7 27.
Rgh6 Rg8 28. Be5 Nxe5 29. dxe5 Rae8 30. Rf6+ Kg7 31. Rf5 Rh8 32. Rxg5+ Kf7 33.
Rgh5 Rxh5 34. Rxh5 Kg6 35. f4 Kg7 36. Rh1 a5 37. Kf3 b5 38. Rc1 Rc8 39. Rc5 Rh8
40. Kg2 Rc8 41. Kg3 Kf7 42. f5 a4 43. a3 b4 44. axb4 Rb8 45. Rxc6 Rxb4 46. Rc7+
Ke8 47. Ra7 Re4 48. Kf3 Kf8 49. e6 Ke8 50. Ra5 1-0

[Event "Quebec-ch U16"]
[Site "Montreal CAN"]
[Date "2014.01.18"]
[Round "2"]
[White "Luo, Wei Han"]
[Black "Harris, Gabriel"]
[Result "1/2-1/2"]
[WhiteElo "1241"]
[BlackElo "1128"]
[PlyCount "71"]
[EventDate "2014.01.17"]
[EventType "tourn"]
[EventRounds "4"]
[EventCountry "CAN"]

1. d4 Nf6 2. c4 g6 3. Nc3 Bg7 4. e4 d6 5. Nf3 O-O 6. Be2 Nbd7 7. O-O e5 8. d5
Nc5 9. Bg5 a6 10. Qc2 h6 11. Be3 b6 12. b4 Ncd7 13. a4 a5 14. bxa5 Rxa5 15. Nb5
Nc5 16. Bxc5 bxc5 17. Rab1 Bd7 18. Rb2 Bxb5 19. Rxb5 Qa8 20. Ra1 Rb8 21. Nd2
Nd7 22. Nb1 Rbxb5 23. cxb5 Nb6 24. Nc3 f5 25. exf5 e4 26. Rc1 gxf5 27. f3 Nxa4
28. Nxa4 Rxa4 29. fxe4 fxe4 30. Bc4 Ra1 31. Rf1 Bd4+ 32. Kh1 Rxf1+ 33. Bxf1 Qf8
34. Qe2 Qf2 35. Qg4+ Kf8 36. Qc8+ 1/2-1/2

[Event "Quebec-ch U16"]
[Site "Montreal CAN"]
[Date "2014.01.18"]
[Round "2"]
[White "Shi, Ling Yun"]
[Black "Yu, Zong Yang"]
[Result "0-1"]
[WhiteElo "1813"]
[BlackElo "2204"]
[PlyCount "66"]
[EventDate "2014.01.17"]
[EventType "tourn"]
[EventRounds "4"]
[EventCountry "CAN"]

1. e4 c5 2. Nf3 Nc6 3. Bb5 e6 4. Bxc6 bxc6 5. O-O Ne7 6. b3 Ng6 7. e5 Be7 8.
Bb2 O-O 9. Nc3 f6 10. Ne4 fxe5 11. Nxe5 Nxe5 12. Bxe5 d6 13. Bb2 e5 14. Ng3 Be6
15. Qe2 Qd7 16. f3 Rf7 17. Qe3 Raf8 18. Ne4 h6 19. d3 Bd8 20. c4 Bf5 21. Bc3
Bc7 22. Qe2 Bh7 23. Bd2 d5 24. Nxc5 Qd6 25. Na6 Bxd3 26. Qxd3 e4 27. Qc2 Qxh2+
28. Kf2 Rxf3+ 29. Ke2 Qxg2+ 30. Rf2 Rxf2+ 31. Kd1 Rf1+ 32. Be1 Rxe1+ 33. Kxe1
Rf1# 0-1

[Event "Quebec-ch U16"]
[Site "Montreal CAN"]
[Date "2014.01.18"]
[Round "3"]
[White "Harris, Gabriel"]
[Black "Shi, Ling Yun"]
[Result "1-0"]
[WhiteElo "1128"]
[BlackElo "1813"]
[PlyCount "109"]
[EventDate "2014.01.17"]
[EventType "tourn"]
[EventRounds "4"]
[EventCountry "CAN"]

1. d4 d5 2. c4 e6 3. Nf3 Nf6 4. Nc3 Be7 5. e3 O-O 6. Bd3 Nbd7 7. O-O b6 8. a3
dxc4 9. Bxc4 Bb7 10. b4 a5 11. b5 Ne4 12. Nxe4 Bxe4 13. a4 Bf6 14. Ba3 Re8 15.
Bd3 Bxd3 16. Qxd3 Nf8 17. Rfd1 Ng6 18. Rac1 Rc8 19. Kf1 Qd5 20. e4 Qh5 21. e5
Nf4 22. Qd2 Qg4 23. Ne1 Bg5 24. f3 Qh5 25. g3 Nd5 26. f4 Bh6 27. h4 Qf5 28. Ng2
g5 29. hxg5 Bxg5 30. Qd3 Qxd3+ 31. Rxd3 Be7 32. Bxe7 Nxe7 33. Ne3 Red8 34. Ke2
c6 35. bxc6 Rxc6 36. Rxc6 Nxc6 37. Nc2 Nb4 38. Nxb4 axb4 39. Ke3 Ra8 40. f5
Rxa4 41. f6 Ra5 42. Kd2 Kf8 43. Kc2 b5 44. Rb3 Ra4 45. Kb2 Ke8 46. g4 Kd7 47.
Rh3 Kc6 48. Rxh7 Kd5 49. Rxf7 Ra8 50. Rd7+ Ke4 51. g5 Kf5 52. Rg7 Rf8 53. f7
Kg4 54. g6 Kg5 55. Rg8 1-0

[Event "Quebec-ch U16"]
[Site "Montreal CAN"]
[Date "2014.01.18"]
[Round "3"]
[White "Zhu, Hong Rui"]
[Black "Luo, Wei Han"]
[Result "1-0"]
[WhiteElo "2135"]
[BlackElo "1241"]
[PlyCount "107"]
[EventDate "2014.01.17"]
[EventType "tourn"]
[EventRounds "4"]
[EventCountry "CAN"]

1. e4 c5 2. Nf3 Nc6 3. d4 cxd4 4. Nxd4 e5 5. Nb5 a6 6. Nd6+ Bxd6 7. Qxd6 Qf6 8.
Qd3 Nge7 9. Nc3 d6 10. Be3 O-O 11. Be2 Nb4 12. Qd2 Be6 13. a3 Nbc6 14. Nd5 Qg6
15. Nxe7+ Nxe7 16. Bf3 Bg4 17. O-O-O Rfd8 18. Bxg4 Qxg4 19. f3 Qe6 20. Rhe1 d5
21. exd5 Nxd5 22. Bg1 f6 23. Kb1 b5 24. Qa5 Rdc8 25. Rd2 Qc6 26. Red1 Nf4 27.
Be3 Ne6 28. Ka1 Qc4 29. Kb1 Nd4 30. Bxd4 exd4 31. Qb4 Qxb4 32. axb4 Re8 33.
Rxd4 Re2 34. R1d2 Rae8 35. c3 Kf7 36. Kc2 R8e6 37. Rxe2 Rxe2+ 38. Rd2 Re6 39.
Kd1 Kg6 40. Rd7 Rc6 41. Kd2 Kh6 42. b3 g5 43. Rd4 Kg6 44. c4 Kf7 45. Kd3 Ke6
46. Rd5 Rb6 47. Ke3 Rc6 48. Kd4 bxc4 49. bxc4 Rb6 50. Kc5 Rb7 51. Rd6+ Ke7 52.
Rxa6 h5 53. b5 f5 54. Rh6 1-0

[Event "Quebec-ch U16"]
[Site "Montreal CAN"]
[Date "2014.01.19"]
[Round "4"]
[White "Shi, Ling Yun"]
[Black "Zhu, Hong Rui"]
[Result "0-1"]
[WhiteElo "1813"]
[BlackElo "2135"]
[PlyCount "110"]
[EventDate "2014.01.17"]
[EventType "tourn"]
[EventRounds "4"]
[EventCountry "CAN"]

1. e4 c5 2. Nf3 d6 3. Bb5+ Bd7 4. Bxd7+ Qxd7 5. O-O Nc6 6. Re1 g6 7. c3 Bg7 8.
d4 e5 9. dxe5 dxe5 10. Qxd7+ Kxd7 11. Be3 b6 12. Na3 Nf6 13. Rad1+ Ke6 14. Bg5
Rad8 15. Bxf6 Kxf6 16. Nc4 Ke7 17. Rd5 f6 18. Red1 Rxd5 19. exd5 Rd8 20. Ne3
Na5 21. c4 Bh6 22. b3 Bxe3 23. fxe3 e4 24. Nd2 f5 25. Kf2 h5 26. g3 Nb7 27. h3
Rh8 28. a3 Nd6 29. b4 Rc8 30. b5 Nf7 31. Ke2 Ne5 32. Rf1 Rh8 33. h4 Kd6 34. a4
a6 35. Rb1 Ra8 36. Rb2 Nd3 37. Rb1 Ne5 38. Rb2 axb5 39. axb5 Ra4 40. Rc2 Ra3
41. Rb2 Nd3 42. Rb1 Ra2 43. Kd1 Ne5 44. Rc1 Kc7 45. Rc2 Ra3 46. Nf1 Ra1+ 47.
Ke2 Nd3 48. Nh2 Rg1 49. Nf1 Rg2+ 50. Kd1 Nb2+ 51. Kc1 Rxc2+ 52. Kxc2 Nxc4 53.
Kb3 Na5+ 54. Kc3 Kd6 55. Nd2 Kxd5 0-1